01781nabaa22002657a 4500999001500000003000400015005001700019008004100036040000700077100003700084245022300121300001300344500003400357505070600391505009001097650003201187650003201219650002401251650002901275650004701304650001201351650002401363773011501387942001301502 c4803d4803OSt20220609112634.0190701b xxu||||| |||| 00| 0 spa d cPJ 96000aComadira, Fernando Gabriel13aLas medidas precautorias en el derecho disciplinario. Especial referencia a la Ley Nacional de Empleo Público y el Régimen de Investigaciones Administrativas aprobado por dec. 467/1999 /cFernando Gabriel Comadira. ap. 35-56 aCita Online: AR/DOC/681/2022. aSumario: I. Introducción.— II. Las medidas preventivas como poder inherente a la función administrativa.— III. Naturaleza jurídica de las medidas preventivas.— IV. Finalidad de las medidas preventivas.— V. Caracteres de las medidas preventivas en el marco de un procedimiento administrativo disciplinario.— VI. Naturaleza jurídica del acto que dispone una medida preventiva. Requisitos e impugnabilidad.— VII. Clases de medidas preventivas.— VIII. Vigencia temporal de las medidas preventivas en el marco de la LMREP y normativa infralegal.— IX. ¿Es posible adoptar medidas preventivas al momento de ordenarse la instrucción del sumario administrativo?— X. Conclusiones.  t¿Te interesa el texto completo? Comunicate al correo: koha@justierradelfuego.gov.ar  09211aDERECHO ADMINISTRATIVO 09877aADMINISTRACION PUBLICA 09938aEMPLEO PUBLICO 091051aMEDIDAS CAUTELARES 092018aREGIMEN DISCIPLINARIO ADMINISTRATIVO 0aSANCION 091382aINDEMNIZACION0 0284293251dBuenos Aires : AbeledoPerrot, 2012-oDA121tDerecho administrativo. Nº 140 mar/abr 2022z18510590 2udccANA